| 000 | 00423cam a2200169ua 4500 | ||
|---|---|---|---|
| 020 | _c140.00 | ||
| 041 |
_aeng _h |
||
| 082 |
_a514 _bJOS/IN |
||
| 100 | _aJoshi, K.P . | ||
| 245 |
_aIntroduction to general topology / _cK.P.Joshi. _hTextual Documents |
||
| 260 |
_aNew Delhi : _bNew Age International Ltd , _c1999. |
||
| 300 | _a412 ; . | ||
| 365 | _a140.00 | ||
| 504 | _a | ||
| 942 | _cBK | ||
| 999 |
_c9396 _d9396 |
||